[Event "XI Open A"]
[Site "Padova ITA"]
[Date "2008.12.19"]
[Round "7"]
[White "Zanini, Andrea"]
[Black "Lodi, Paolo"]
[Result "1-0"]
[WhiteElo "1674"]
[BlackElo "1549"]
[PlyCount "53"]
[EventDate "2008.12.13"]

1. d4 f5 2. Nf3 e6 3. c4 Nf6 4. b3 d5 5. Nbd2 c6 6. Bb2 Ne4 7. e3 Bb4 8. a3 Bd6
9. Be2 Nd7 10. O-O O-O 11. c5 Bc7 12. b4 Qf6 13. Qc2 g5 14. Ne1 Qh6 15. g3 g4
16. Ng2 Rf6 17. Nxe4 dxe4 18. d5 Ne5 19. d6 Qh3 20. Bxe5 Rh6 21. Nh4 Bd8 22.
Bf4 Rh5 23. Rfd1 Bd7 24. Bf1 Bxh4 25. Bxh3 Bf6 26. Bxg4 fxg4 27. Rac1 1-0

[Event "XI Open A"]
[Site "Padova ITA"]
[Date "2008.12.19"]
[Round "7"]
[White "Zordan, Antonio"]
[Black "Demiraj, Rumi"]
[Result "1/2-1/2"]
[WhiteElo "1488"]
[BlackElo "1961"]
[PlyCount "118"]
[EventDate "2008.12.13"]

1. c4 c5 2. Nc3 Nf6 3. g3 Nc6 4. Bg2 e6 5. Nf3 Be7 6. O-O O-O 7. d4 d5 8. cxd5
Nxd5 9. Nxd5 exd5 10. dxc5 Bxc5 11. Qc2 Be7 12. a3 Bf6 13. Rd1 Be6 14. Be3 Qd7
15. Nd4 Ne7 16. Nxe6 fxe6 17. Rac1 Rfc8 18. Qd2 Rxc1 19. Rxc1 b6 20. Bg5 Rc8
21. Bxf6 Rxc1+ 22. Qxc1 gxf6 23. Bh3 Ng6 24. Qc3 Kf7 25. f4 f5 26. Bf1 Qd6 27.
e3 Qc5 28. Qd2 a5 29. b4 axb4 30. axb4 Qd6 31. Qc3 e5 32. b5 d4 33. Qc4+ Ke7
34. fxe5 Nxe5 35. Qg8 dxe3 36. Qxh7+ Kd8 37. Qxf5 Qd4 38. Qf4 Qxf4 39. gxf4 Ng6
40. f5 Nf4 41. Bc4 Ke7 42. Kf1 Kf6 43. Be6 Ke5 44. Bd7 Nd5 45. Ke1 Kf4 46. Be6
Nf6 47. Ke2 Ke4 48. Bc8 Kd4 49. Bb7 Nh5 50. Bf3 Nf4+ 51. Kd1 Ke5 52. Bg4 Nd5
53. Ke2 Kf4 54. h3 Nc3+ 55. Ke1 Nxb5 56. f6 Nd6 57. Be6 Kg5 58. f7 Nxf7 59.
Bxf7 Kh6 1/2-1/2

[Event "XI Open A"]
[Site "Padova ITA"]
[Date "2008.12.20"]
[Round "8"]
[White "Castellano, Alfonso"]
[Black "De Santis, Alessio"]
[Result "0-1"]
[WhiteElo "1967"]
[BlackElo "2263"]
[PlyCount "82"]
[EventDate "2008.12.13"]

1. c4 f5 2. Nc3 Nf6 3. g3 d6 4. Bg2 g6 5. d3 Bg7 6. e3 O-O 7. Nge2 a5 8. O-O
Na6 9. b3 c6 10. Bb2 e5 11. Qd2 Qc7 12. Rac1 Bd7 13. f4 Rae8 14. h3 h5 15. Kh2
Rf7 16. Ng1 h4 17. gxh4 e4 18. d4 Bh8 19. Nge2 Rh7 20. Qe1 Nb4 21. Qg3 Nd3 22.
Rc2 Nxb2 23. Rxb2 Ree7 24. Rg1 Rh6 25. Bf1 Reh7 26. Qg5 Bg7 27. Kg2 Nh5 28. Kh2
Bf6 29. Qg2 Bxh4 30. Rh1 Rg7 31. d5 c5 32. Rg1 Qd8 33. Nd1 Qf6 34. Rc2 g5 35.
Qh1 g4 36. Rg2 Be1 37. Kg1 Qh4 38. Ndc3 g3 39. Nd1 Bf2+ 40. Nxf2 gxf2+ 41. Kh2
Qxh3+ 0-1

[Event "XI Open A"]
[Site "Padova ITA"]
[Date "2008.12.20"]
[Round "8"]
[White "De Marchi, Alessandro"]
[Black "Topollaj, Mark"]
[Result "1-0"]
[WhiteElo "1675"]
[BlackElo "1461"]
[PlyCount "55"]
[EventDate "2008.12.13"]

1. Nf3 d5 2. d4 h6 3. Bf4 Bf5 4. e3 Nf6 5. Be2 e6 6. O-O Bd6 7. Bxd6 Qxd6 8. c4
dxc4 9. Bxc4 Nbd7 10. Nc3 c6 11. Re1 Bg4 12. h3 Bh5 13. Be2 Bg6 14. Qb3 Nb6 15.
Ne5 Bh7 16. Bf3 O-O 17. Rad1 Rab8 18. e4 Rfd8 19. a4 Nbd7 20. Nxd7 Qxd7 21. e5
Qe7 22. exf6 Qxf6 23. Bh5 Bg6 24. Ne4 Kh7 25. Bxg6+ Kxg6 26. Qg3+ Kh7 27. Nd6
Kg8 28. d5 {...} 1-0

[Event "XI Open A"]
[Site "Padova ITA"]
[Date "2008.12.20"]
[Round "8"]
[White "Demiraj, Rumi"]
[Black "Isatto, Davide"]
[Result "0-1"]
[WhiteElo "1961"]
[BlackElo "1943"]
[PlyCount "80"]
[EventDate "2008.12.13"]

1. d4 Nf6 2. c4 g6 3. Nf3 Bg7 4. e3 O-O 5. Be2 b6 6. O-O Bb7 7. Nc3 d5 8. b3
Na6 9. Bb2 c5 10. Qc1 cxd4 11. exd4 Nc7 12. Qc2 Ne6 13. cxd5 Nxd5 14. Nxd5 Bxd5
15. Qd2 Rc8 16. Rfd1 Qd6 17. Ne5 Rfd8 18. Bg4 h5 19. Bxe6 Bxe6 20. Qe2 Bh6 21.
Nc4 Bxc4 22. bxc4 Qb4 23. d5 Rxc4 24. Qe5 f6 25. Qe6+ Kh7 26. d6 Re4 27. Qd5
Rxd6 28. Qf7+ Bg7 29. Rdb1 Qc4 30. Qxc4 Rxc4 31. Re1 e5 32. g3 Rc2 33. Bc1 Kg8
34. Be3 f5 35. Rec1 Rxc1+ 36. Rxc1 Rd7 37. Kf1 Kf7 38. Rc4 Bf6 39. a4 e4 40. a5
bxa5 0-1

[Event "XI Open A"]
[Site "Padova ITA"]
[Date "2008.12.20"]
[Round "8"]
[White "Fortunato, Lorenzo"]
[Black "Zanini, Andrea"]
[Result "1-0"]
[WhiteElo "1443"]
[BlackElo "1674"]
[PlyCount "133"]
[EventDate "2008.12.13"]

1. e4 d5 2. exd5 Nf6 3. Nc3 Nxd5 4. Nf3 Bg4 5. h3 Bh5 6. Be2 Nxc3 7. bxc3 e6 8.
Rb1 b6 9. g4 Bg6 10. Ne5 Qd5 11. Nf3 Qxa2 12. Rb2 Qd5 13. O-O Bd6 14. Bb5+ Nd7
15. c4 Qb7 16. Nd4 Qe4 17. Bc6 Qf4 18. Nf3 Be4 19. d3 Qxf3 20. Qxf3 Bxf3 21.
Bxf3 Rd8 22. Ra2 a5 23. d4 c5 24. Ba3 O-O 25. Bc6 Rfe8 26. Rd1 Re7 27. dxc5
Bxc5 28. Bxc5 bxc5 29. Rxa5 Kf8 30. Rxc5 Ke8 31. Rg5 f6 32. Ra5 Rc8 33. Ra8
Rxa8 34. Bxa8 Nb6 35. Bc6+ Kf7 36. c5 Nc4 37. Bb5 Na3 38. c4 Rc7 39. c6 Nxb5
40. cxb5 Ke7 41. Kf1 g6 42. Ke2 f5 43. Ke3 h6 44. Kf4 fxg4 45. hxg4 Kf6 46. Rd7
Rc8 47. c7 e5+ 48. Ke4 Ke6 49. Rh7 Kd6 50. b6 Kc6 51. Kxe5 Kxb6 52. Rxh6 Kxc7
53. Rxg6 Re8+ 54. Re6 Rg8 55. Kf5 Kd7 56. g5 Rf8+ 57. Rf6 Ra8 58. f4 Ke7 59.
Kg6 Rg8+ 60. Kh7 Ra8 61. Kg7 Ra1 62. Rf7+ Ke8 63. f5 Rg1 64. g6 Rf1 65. Rf8+
Ke7 66. f6+ Ke6 67. Re8+ 1-0

[Event "XI Open A"]
[Site "Padova ITA"]
[Date "2008.12.20"]
[Round "8"]
[White "Gubellini, Luciano"]
[Black "Lodi, Paolo"]
[Result "0-1"]
[WhiteElo "1640"]
[BlackElo "1549"]
[PlyCount "69"]
[EventDate "2008.12.13"]

1. d4 f5 2. Nf3 e6 3. e3 Nf6 4. Nbd2 b6 5. b3 Bb7 6. Bb2 Be7 7. Bd3 O-O 8. Qe2
a5 9. a4 d5 10. O-O Bd6 11. c4 Ne4 12. Ne5 Bxe5 13. dxe5 c6 14. Rad1 Nd7 15. f4
Ndc5 16. Bc2 Nxd2 17. Rxd2 Qh4 18. Bd4 Nd7 19. Qf2 Qg4 20. Bd1 Qg6 21. Qh4 c5
22. Bb2 Qe8 23. Bf3 Rd8 24. Rfd1 Rf7 25. cxd5 exd5 26. Bxd5 Bxd5 27. Rxd5 Qe7
28. Qg3 Qe6 29. Rd6 Qxb3 30. Qf2 Qxa4 31. e6 Re7 32. exd7 Rexd7 33. Qg3 Qxd1+
34. Rxd1 Rxd1+ 35. Kf2 {...} 0-1

[Event "XI Open A"]
[Site "Padova ITA"]
[Date "2008.12.20"]
[Round "8"]
[White "Laketic, Gojko"]
[Black "Barletta, Mauro"]
[Result "1-0"]
[WhiteElo "2451"]
[BlackElo "2232"]
[PlyCount "113"]
[EventDate "2008.12.13"]

1. Nf3 d5 2. g3 Nf6 3. Bg2 e6 4. O-O Be7 5. d3 c5 6. Nbd2 Nc6 7. e4 b6 8. Re1
Bb7 9. c3 Qc7 10. Nf1 O-O-O 11. Bf4 e5 12. Bd2 dxe4 13. dxe4 Na5 14. Qa4 Bc6
15. Qc2 Bb5 16. Nh4 Bd3 17. Qc1 Nc4 18. Bg5 h6 19. Bxf6 Bxf6 20. Nf3 Qb7 21. b3
Nd6 22. N3d2 Bg5 23. Qb2 c4 24. Nxc4 Bxc4 25. bxc4 Nxc4 26. Qb5 Qc7 27. h4 Be7
28. Red1 Rxd1 29. Rxd1 Rd8 30. Bf3 Rxd1 31. Bxd1 Bc5 32. Qe8+ Kb7 33. Bb3 Na5
34. Bd5+ Nc6 35. a4 a6 36. c4 Qd6 37. Qxf7+ Qe7 38. Qxe7+ Bxe7 39. Nd2 Kc7 40.
Bxc6 Kxc6 41. Nb3 b5 42. axb5+ axb5 43. cxb5+ Kxb5 44. Nd2 Kc5 45. Nf3 Bd6 46.
Kf1 Kc4 47. Ke2 Kc3 48. h5 Kc2 49. Nh4 Kc3 50. Nf5 Bf8 51. Ke3 Bc5+ 52. Kf3 Bf8
53. Kg4 Kc4 54. Nh4 Be7 55. Ng6 Bf6 56. Kf5 Kd4 57. f3 1-0

[Event "XI Open A"]
[Site "Padova ITA"]
[Date "2008.12.20"]
[Round "8"]
[White "Lazic, Miroljub"]
[Black "Zaja, Ivan"]
[Result "1/2-1/2"]
[WhiteElo "2472"]
[BlackElo "2461"]
[PlyCount "22"]
[EventDate "2008.12.13"]

1. e4 e5 2. Nf3 Nc6 3. Bb5 a6 4. Bxc6 dxc6 5. d3 Bd6 6. O-O Ne7 7. Be3 c5 8.
Nbd2 Ng6 9. Re1 O-O 10. Nf1 f6 11. Ng3 Be6 1/2-1/2

[Event "XI Open A"]
[Site "Padova ITA"]
[Date "2008.12.20"]
[Round "8"]
[White "Marholev, Dimitar"]
[Black "Gallo, Enrico"]
[Result "1-0"]
[WhiteElo "2421"]
[BlackElo "2063"]
[PlyCount "99"]
[EventDate "2008.12.13"]

1. e4 e6 2. d4 d5 3. Nd2 Nf6 4. e5 Nfd7 5. Bd3 c5 6. c3 Nc6 7. Ne2 cxd4 8. cxd4
f6 9. exf6 Nxf6 10. Nf3 Bd6 11. O-O Qc7 12. Bg5 O-O 13. Bh4 Nh5 14. Qb1 h6 15.
Bg6 Nf4 16. Nxf4 Rxf4 17. Bg3 Rf6 18. Re1 Bd7 19. Bh7+ Kh8 20. a3 Bxg3 21. hxg3
Be8 22. Bc2 Bh5 23. Qd1 Raf8 24. Qd3 Bg6 25. Qc3 Bxc2 26. Qxc2 Qf7 27. Rad1 g5
28. Rd2 Rf5 29. b4 a6 30. Qd3 Qf6 31. Qe3 Re8 32. Qc3 g4 33. Nh4 Rg5 34. Kh2
Kg7 35. Qc5 Qe7 36. f4 gxf3 37. gxf3 Qxc5 38. bxc5 Kf6 39. f4 Rg7 40. Nf3 Reg8
41. Rg1 Ne7 42. Ne5 Nf5 43. g4 Ne3 44. Kh3 h5 45. g5+ Kf5 46. Kg3 h4+ 47. Kf3
Nc4 48. Re2 Nxa3 49. Ng4 Re7 50. Nh6+ 1-0

[Event "XI Open A"]
[Site "Padova ITA"]
[Date "2008.12.20"]
[Round "8"]
[White "Naumkin, Igor"]
[Black "Dragojlovic, Andjelko"]
[Result "1/2-1/2"]
[WhiteElo "2506"]
[BlackElo "2393"]
[PlyCount "25"]
[EventDate "2008.12.13"]

1. d4 Nf6 2. c4 g6 3. Nc3 d5 4. cxd5 Nxd5 5. e4 Nxc3 6. bxc3 Bg7 7. Bc4 O-O 8.
Ne2 c5 9. O-O Nc6 10. Be3 Qc7 11. Rc1 Rd8 12. Bf4 Be5 13. Bxe5 1/2-1/2

[Event "XI Open A"]
[Site "Padova ITA"]
[Date "2008.12.20"]
[Round "8"]
[White "Palumbo, Giuseppe"]
[Black "Mazzella, Riccardo"]
[Result "1-0"]
[WhiteElo "1978"]
[BlackElo "1350"]
[PlyCount "69"]
[EventDate "2008.12.13"]

1. e4 e5 2. Nf3 Nc6 3. Bb5 a6 4. Ba4 Nf6 5. O-O Be7 6. Re1 O-O 7. c3 b5 8. Bc2
Bb7 9. d4 d6 10. Nbd2 exd4 11. cxd4 Nb4 12. Bb1 a5 13. Nf1 c5 14. d5 Na6 15. h3
c4 16. Bf4 h6 17. Ne3 Nc5 18. Nf5 Re8 19. Qd2 Ncxe4 20. Bxe4 Nxe4 21. Rxe4 b4
22. Rae1 c3 23. bxc3 bxc3 24. Qxc3 Bf6 25. Rxe8+ Qxe8 26. Rxe8+ Kh7 27. Qc7
Rxe8 28. Qxb7 Rf8 29. Bxd6 Rd8 30. Be7 Bxe7 31. Nxe7 a4 32. Ne5 Re8 33. Nxf7 a3
34. Qb1+ g6 35. Qxg6# 1-0

[Event "XI Open A"]
[Site "Padova ITA"]
[Date "2008.12.20"]
[Round "8"]
[White "Quaranta, Cristiano"]
[Black "Salvador, Roland"]
[Result "1/2-1/2"]
[WhiteElo "2136"]
[BlackElo "2464"]
[PlyCount "24"]
[EventDate "2008.12.13"]

1. d4 d5 2. c4 c6 3. Nf3 Nf6 4. e3 Bg4 5. Qb3 Bc8 6. Nc3 e6 7. Bd3 Qb6 8. O-O
Be7 9. e4 dxc4 10. Bxc4 Qxb3 11. axb3 Nbd7 12. Re1 Nb6 1/2-1/2

[Event "XI Open A"]
[Site "Padova ITA"]
[Date "2008.12.20"]
[Round "8"]
[White "Saponara, Nicola"]
[Black "Zordan, Antonio"]
[Result "0-1"]
[WhiteElo "1838"]
[BlackElo "1488"]
[PlyCount "78"]
[EventDate "2008.12.13"]

1. e4 e5 2. Nf3 Nf6 3. d4 Nxe4 4. Bd3 d5 5. Nxe5 Bd6 6. Nc3 Nxc3 7. bxc3 Nd7 8.
Qh5 Nxe5 9. dxe5 Bc5 10. O-O Be6 11. Rb1 b6 12. Bb5+ Kf8 13. Kh1 f6 14. f4 g6
15. Qh6+ Kf7 16. f5 Bxf5 17. Bd3 Bf8 18. Qh4 fxe5 19. Qxd8 Rxd8 20. g4 e4 21.
Bb5 Ke6 22. gxf5+ gxf5 23. c4 d4 24. Bc6 e3 25. Bb2 Bc5 26. Rbd1 Ke5 27. Rde1
f4 28. Rf3 Rhg8 29. Re2 Rg6 30. Rf1 Rdg8 31. a4 Rxc6 32. Rf3 Rcg6 33. Re1 Ke4
34. Rh3 f3 35. Rh4+ Rg4 36. Rh6 R8g6 37. Rxg6 Rxg6 38. Bc1 f2 39. Bd2 Kf3 0-1

[Event "XI Open A"]
[Site "Padova ITA"]
[Date "2008.12.21"]
[Round "9"]
[White "Barletta, Mauro"]
[Black "Quaranta, Cristiano"]
[Result "1-0"]
[WhiteElo "2232"]
[BlackElo "2136"]
[PlyCount "87"]
[EventDate "2008.12.13"]

1. e4 e6 2. d3 d5 3. Qe2 dxe4 4. dxe4 e5 5. Nf3 Nc6 6. c3 Bd6 7. Qc2 Nf6 8.
Nbd2 O-O 9. Be2 Qe7 10. Nc4 a6 11. Nxd6 Qxd6 12. Nd2 b5 13. a4 Rb8 14. axb5
axb5 15. b4 Bg4 16. Bxg4 Nxg4 17. Nb3 Qg6 18. O-O Nf6 19. Nc5 Nd8 20. Ra7 Ne6
21. Nxe6 fxe6 22. f3 c6 23. Rd1 Nd5 24. Qd3 Nb6 25. Qe3 Rf7 26. Rxf7 Qxf7 27.
Qc5 Nc4 28. Qxc6 Qa7+ 29. Kh1 Qf2 30. Qxe6+ Kh8 31. Qd5 h6 32. h3 Rf8 33. Qd3
Ra8 34. Rf1 Qg3 35. Qe2 Ra1 36. Rd1 Ra6 37. Be3 Rg6 38. Bg1 Nd6 39. Bh2 Qg5 40.
Qd2 Qh5 41. Ra1 Rf6 42. Ra6 Qg6 43. Qd5 Nxe4 44. Ra8+ 1-0

[Event "XI Open A"]
[Site "Padova ITA"]
[Date "2008.12.21"]
[Round "9"]
[White "Dragojlovic, Andjelko"]
[Black "Marholev, Dimitar"]
[Result "1-0"]
[WhiteElo "2393"]
[BlackElo "2421"]
[PlyCount "87"]
[EventDate "2008.12.13"]

1. Nf3 Nf6 2. g3 b6 3. Bg2 Bb7 4. O-O c5 5. d3 g6 6. e4 d6 7. Nbd2 Bg7 8. Nh4
Nc6 9. f4 O-O 10. Ndf3 b5 11. f5 c4 12. fxg6 hxg6 13. Qe2 cxd3 14. cxd3 Ng4 15.
h3 Nge5 16. Be3 d5 17. Nxe5 Nxe5 18. d4 Nc4 19. e5 Nxe3 20. Qxe3 Qb6 21. Rad1
Rac8 22. Rf2 b4 23. Qg5 e6 24. Nf3 Qd8 25. Qd2 a5 26. h4 Ba6 27. Bh3 Qe7 28.
Kg2 a4 29. Bg4 b3 30. axb3 axb3 31. Qe3 Rc2 32. Qxb3 Rxf2+ 33. Kxf2 Bc4 34. Qe3
Rb8 35. Rd2 Rb3 36. Qf4 Rd3 37. Rxd3 Bxd3 38. Qd2 Be4 39. Ng5 Bf5 40. Bxf5 gxf5
41. Qc3 Bh6 42. Nf3 f4 43. g4 Bg7 44. g5 1-0

[Event "XI Open A"]
[Site "Padova ITA"]
[Date "2008.12.21"]
[Round "9"]
[White "Fortunato, Lorenzo"]
[Black "Boscolo, Federico"]
[Result "0-1"]
[WhiteElo "1443"]
[BlackElo "1952"]
[PlyCount "40"]
[EventDate "2008.12.13"]

1. e4 e5 2. Bc4 Nf6 3. d3 h6 4. f4 Bc5 5. fxe5 Nxe4 6. Qf3 d5 7. exd6 Nxd6 8.
Bb3 Nc6 9. Ne2 Qe7 10. c3 Ne5 11. Qg3 Nf5 12. Qh3 Nd4 13. Qg3 Nef3+ 14. Qxf3
Nxf3+ 15. gxf3 Bf5 16. d4 Bd3 17. Bd1 O-O-O 18. Kd2 Bxe2 19. Bxe2 Bxd4 20. cxd4
Rxd4+ 0-1

[Event "XI Open A"]
[Site "Padova ITA"]
[Date "2008.12.21"]
[Round "9"]
[White "Gallo, Enrico"]
[Black "Palumbo, Giuseppe"]
[Result "1-0"]
[WhiteElo "2063"]
[BlackElo "1978"]
[PlyCount "61"]
[EventDate "2008.12.13"]

1. e4 c5 2. Nf3 d6 3. d4 cxd4 4. Nxd4 Nf6 5. Nc3 a6 6. Bc4 e6 7. Bb3 Be7 8. O-O
O-O 9. a4 Qc7 10. Be3 b6 11. f3 Nbd7 12. Nce2 Bb7 13. Kh1 d5 14. Ng3 dxe4 15.
fxe4 Nc5 16. e5 Nce4 17. exf6 Nxg3+ 18. hxg3 Qxg3 19. Rf3 Bxf3 20. Qxf3 Qh4+
21. Kg1 Bxf6 22. g3 Qh3 23. Bc4 Be5 24. Bf2 Qh6 25. Kg2 g5 26. Bd3 Qg7 27. Rh1
h6 28. c3 g4 29. Qe3 f5 30. Nxe6 Qb7+ 31. Kg1 1-0

[Event "XI Open A"]
[Site "Padova ITA"]
[Date "2008.12.21"]
[Round "9"]
[White "Litrico, Paolo"]
[Black "Castellano, Alfonso"]
[Result "1-0"]
[WhiteElo "1913"]
[BlackElo "1967"]
[PlyCount "65"]
[EventDate "2008.12.13"]

1. d4 Nf6 2. Nf3 g6 3. Nc3 Bg7 4. e4 d6 5. Be3 Nbd7 6. Qd2 O-O 7. h4 h5 8. Bh6
e5 9. Bxg7 Kxg7 10. O-O-O Qe7 11. Ng5 c6 12. f3 Nb6 13. Be2 Bd7 14. Rhg1 Rh8
15. Qe1 a5 16. g4 a4 17. a3 Rac8 18. Qf2 c5 19. d5 Na8 20. Bb5 Qe8 21. Bxd7
Qxd7 22. gxh5 Nxh5 23. Rg4 Nf4 24. Rdg1 Rcg8 25. Qh2 Kf8 26. Nh3 Nxh3 27. Qxh3
b5 28. Qg3 Nb6 29. f4 b4 30. Nb1 exf4 31. Qxf4 Ke8 32. Qf1 Nc4 33. Qxc4 1-0

[Event "XI Open A"]
[Site "Padova ITA"]
[Date "2008.12.21"]
[Round "9"]
[White "Lodi, Paolo"]
[Black "De Marchi, Alessandro"]
[Result "1-0"]
[WhiteElo "1549"]
[BlackElo "1675"]
[PlyCount "71"]
[EventDate "2008.12.13"]

1. c4 e5 2. Nc3 c6 3. e4 Nf6 4. Qb3 Na6 5. a3 Nc5 6. Qc2 a5 7. Nf3 d6 8. d3 h6
9. Be3 b6 10. h3 g5 11. Nh2 Be6 12. Be2 d5 13. cxd5 cxd5 14. d4 exd4 15. Bxd4
dxe4 16. Bb5+ Bd7 17. Bxd7+ Ncxd7 18. Nxe4 Bg7 19. Nd6+ Kf8 20. O-O Qe7 21. Qc6
Rb8 22. Rfe1 Qd8 23. Ng4 Nxg4 24. Bxg7+ Kxg7 25. hxg4 Nf6 26. Nf5+ Kg6 27. Ne7+
Kg7 28. Rad1 Qf8 29. Rd6 Ne8 30. Qc3+ f6 31. Rd7 Kh7 32. Nc6+ Ng7 33. Nxb8 Qxb8
34. Ree7 Rg8 35. Qxf6 Qf8 36. Rf7 1-0

[Event "XI Open A"]
[Site "Padova ITA"]
[Date "2008.12.21"]
[Round "9"]
[White "Mazzella, Riccardo"]
[Black "Topollaj, Mark"]
[Result "1/2-1/2"]
[WhiteElo "1350"]
[BlackElo "1461"]
[PlyCount "32"]
[EventDate "2008.12.13"]

1. d4 e6 2. c4 c6 3. Nf3 d6 4. Nc3 Ne7 5. e3 Ng6 6. Be2 d5 7. O-O Bd6 8. cxd5
exd5 9. e4 dxe4 10. Nxe4 O-O 11. Nxd6 Qxd6 12. Bd3 Bg4 13. Bxg6 fxg6 14. Qb3+
Be6 15. Qe3 Nd7 16. b4 16... Rfe8 {...} 1/2-1/2

[Event "XI Open A"]
[Site "Padova ITA"]
[Date "2008.12.21"]
[Round "9"]
[White "Menin, Massimo"]
[Black "Demiraj, Rumi"]
[Result "1-0"]
[WhiteElo "1583"]
[BlackElo "1961"]
[PlyCount "86"]
[EventDate "2008.12.13"]

1. e4 e6 2. d4 d5 3. Nc3 Bb4 4. e5 Ne7 5. a3 Bxc3+ 6. bxc3 c5 7. f4 cxd4 8.
cxd4 Nbc6 9. Nf3 Nf5 10. c3 O-O 11. Bd3 Na5 12. O-O Bd7 13. Bxf5 exf5 14. Rb1
b6 15. Rf2 Rc8 16. Bb2 Qc7 17. Rc1 Qc6 18. Nd2 Rc7 19. Rf3 Qb5 20. Rb1 Rfc8 21.
Ba1 Qa6 22. Rg3 Bb5 23. Qh5 Rc6 24. Qxf5 g6 25. Qh3 Ba4 26. Rc1 Nb3 27. Nxb3
Bxb3 28. f5 Qxa3 29. Re1 Bc2 30. f6 Qf8 31. Qg4 Kh8 32. h4 Bf5 33. Qf4 h5 34.
Bb2 Kh7 35. Rg5 Be6 36. Re3 Qh6 37. Reg3 Rg8 38. Qf1 Qf8 39. Qe2 Rh8 40. Qc2
Bg4 41. R3xg4 hxg4 42. Rxg4 Kg8 43. Rxg6+ fxg6 1-0

[Event "XI Open A"]
[Site "Padova ITA"]
[Date "2008.12.21"]
[Round "9"]
[White "Mrdja, Milan"]
[Black "Zaja, Ivan"]
[Result "1/2-1/2"]
[WhiteElo "2401"]
[BlackElo "2461"]
[PlyCount "25"]
[EventDate "2008.12.13"]

1. e4 e5 2. Nf3 Nc6 3. Bb5 a6 4. Ba4 Nf6 5. O-O Be7 6. Re1 b5 7. Bb3 d6 8. c3
O-O 9. d4 Re8 10. Ng5 Rf8 11. Nf3 Re8 12. Ng5 Rf8 13. Nf3 1/2-1/2

[Event "XI Open A"]
[Site "Padova ITA"]
[Date "2008.12.21"]
[Round "9"]
[White "Salvador, Roland"]
[Black "Kizov, Atanas"]
[Result "1/2-1/2"]
[WhiteElo "2464"]
[BlackElo "2439"]
[PlyCount "58"]
[EventDate "2008.12.13"]

1. d4 Nf6 2. Nf3 g6 3. c4 Bg7 4. Nc3 O-O 5. g3 d6 6. Bg2 c6 7. O-O Qb6 8. b3 e5
9. Bb2 e4 10. Ne1 d5 11. Rc1 Re8 12. Nc2 Qd8 13. Ba3 dxc4 14. bxc4 Qa5 15. Qd2
Qh5 16. f3 Bh6 17. e3 exf3 18. Bxf3 Bg4 19. Bxg4 Nxg4 20. Rce1 Nd7 21. Bc1 Nb6
22. Qg2 Nxc4 23. Nd1 f5 24. h3 Nf6 25. g4 Qg5 26. gxf5 Ne4 27. fxg6 hxg6 28.
Nf2 Nxf2 29. Rxf2 Re6 1/2-1/2

[Event "XI Open A"]
[Site "Padova ITA"]
[Date "2008.12.21"]
[Round "9"]
[White "Zanini, Andrea"]
[Black "Belloni, Umberto"]
[Result "0-1"]
[WhiteElo "1674"]
[BlackElo "1872"]
[PlyCount "62"]
[EventDate "2008.12.13"]

1. d4 d5 2. Nf3 c6 3. e3 Bg4 4. h3 Bh5 5. Nbd2 f5 6. Bd3 e6 7. c3 Nd7 8. O-O
Ngf6 9. Re1 Bd6 10. Qc2 Ne4 11. Be2 O-O 12. c4 Rc8 13. b3 Bb8 14. Bb2 Bxf3 15.
Nxf3 Rf6 16. Rac1 Rh6 17. cxd5 exd5 18. Bd3 Qf6 19. Kf1 Re8 20. b4 g5 21. Ng1
g4 22. Re2 Bh2 23. a4 Bxg1 24. Kxg1 gxh3 25. g3 Qg6 26. Kh2 Ndf6 27. Rh1 Qg4
28. Ree1 Qf3 29. Bf1 Ng4+ 30. Kg1 h2+ 31. Rxh2 Rxh2 0-1

[Event "XI Open A"]
[Site "Padova ITA"]
[Date "2008.12.21"]
[Round "9"]
[White "Zordan, Antonio"]
[Black "Isatto, Davide"]
[Result "0-1"]
[WhiteElo "1488"]
[BlackElo "1943"]
[PlyCount "78"]
[EventDate "2008.12.13"]

1. c4 Nf6 2. Nf3 g6 3. Nc3 Bg7 4. g3 O-O 5. Bg2 d5 6. cxd5 Nxd5 7. O-O Nc6 8.
a3 h6 9. Qc2 a5 10. d3 Be6 11. Bd2 Nb6 12. e3 a4 13. d4 Bc4 14. Rfe1 Na5 15.
Bc1 Nb3 16. Rb1 c6 17. Nd2 Nxd2 18. Qxd2 e5 19. dxe5 Bd3 20. Ra1 Nc4 21. Qd1
Nxe5 22. Bd2 Qa5 23. Nd5 Qd8 24. Nb4 Bb5 25. Bc3 Qe7 26. f4 Rfd8 27. Qc1 Nd3
28. Nxd3 Bxc3 29. Qxc3 Rxd3 30. Qc1 Rad8 31. Bf1 Rd2 32. Bxb5 cxb5 33. e4 R8d3
34. Qc8+ Kh7 35. Rac1 Qd6 36. Rc7 Qd4+ 37. Kh1 Rxh2+ 38. Kxh2 Qf2+ 39. Kh1
Qxe1+ 0-1

[Event "XIII Weekend Sestri Ponente"]
[Site "Genova ITA"]
[Date "2008.10.03"]
[Round "1"]
[White "Collareta, Giovanni"]
[Black "Stramesi, Massimo"]
[Result "0-1"]
[WhiteElo "2087"]
[BlackElo "1788"]
[PlyCount "96"]
[EventDate "2008.10.03"]

1. c4 e5 2. g3 Nf6 3. Bg2 c6 4. d4 exd4 5. Qxd4 d6 6. Nc3 Be6 7. Nf3 Nbd7 8.
Ng5 Be7 9. O-O O-O 10. Rd1 Nb6 11. Nxe6 fxe6 12. Bh3 e5 13. Qe3 Kh8 14. b3 Nbd7
15. Ba3 Qc7 16. Rd2 Rad8 17. Rad1 Nb6 18. Rd3 d5 19. Bxe7 Qxe7 20. cxd5 cxd5
21. Nb5 Nc8 22. Nxa7 Nxa7 23. Qxa7 Ra8 24. Qb6 Rxa2 25. R1d2 Rxd2 26. Rxd2 d4
27. Rc2 Nd5 28. Qc5 Qf6 29. f3 Ne3 30. Rd2 g5 31. Bg2 Kg7 32. b4 h5 33. b5 h4
34. b6 hxg3 35. hxg3 Qe6 36. Qc7+ Rf7 37. Qd8 Qf6 38. Qxf6+ Kxf6 39. f4 gxf4
40. Kf2 fxg3+ 41. Kg1 Kg5 42. Bf3 Rf6 43. Rb2 e4 44. Bg2 Kh4 45. Rb4 Rf2 46.
Rxd4 Rxg2+ 47. Kh1 Rxe2 48. Rxe4+ Kh3 0-1

[Event "III Weekend A"]
[Site "Novi Ligure ITA"]
[Date "2008.10.10"]
[Round "1"]
[White "Pedemonte, Claudio"]
[Black "Astengo, Marcello"]
[Result "0-1"]
[WhiteElo "1832"]
[BlackElo "2100"]
[PlyCount "68"]
[EventDate "2008.10.10"]

1. c4 c6 2. d4 d5 3. Nf3 dxc4 4. e4 b5 5. a4 Bb7 6. b3 cxb3 7. Qxb3 a6 8. Ba3
Nd7 9. Bd3 e6 10. Bxf8 Kxf8 11. O-O Ngf6 12. Nc3 g6 13. Rfe1 Kg7 14. Rad1 Qb6
15. e5 Nd5 16. Ne4 b4 17. Nd6 c5 18. Bc4 Bc6 19. Ng5 Nc3 20. Ngxf7 Bxa4 21. Qb2
Nxd1 22. Qd2 cxd4 23. Qh6+ Kg8 24. Bxe6 Nc5 25. Bd5 Bb3 26. Bxa8 Bxf7 27. Nxf7
Kxf7 28. Bd5+ Ne6 29. Qf4+ Ke8 30. Qf6 Rf8 31. Qh4 Nxf2 32. Qxh7 d3 33. Rc1
Nh3+ 34. Kh1 Qg1+ 0-1

[Event "III Weekend A"]
[Site "Novi Ligure ITA"]
[Date "2008.10.10"]
[Round "1"]
[White "Quirico, Paolo"]
[Black "Sparpaglione, Bruno"]
[Result "1-0"]
[WhiteElo "2097"]
[BlackElo "1826"]
[PlyCount "37"]
[EventDate "2008.10.10"]

1. d4 g6 2. e4 c6 3. Nd2 Bg7 4. c3 d5 5. Bd3 dxe4 6. Nxe4 Nd7 7. Qe2 Qc7 8. Nf3
Ngf6 9. O-O Nxe4 10. Bxe4 O-O 11. Re1 Nf6 12. Bc2 Nd5 13. Bd2 Bg4 14. h3 Bxf3
15. Qxf3 e6 16. Rad1 c5 17. dxc5 Qxc5 18. Bb3 Qb5 19. c4 1-0

[Event "III Weekend A"]
[Site "Novi Ligure ITA"]
[Date "2008.10.11"]
[Round "2"]
[White "Astengo, Marcello"]
[Black "Di Paolo, Raffaele"]
[Result "0-1"]
[WhiteElo "2100"]
[BlackElo "2352"]
[PlyCount "114"]
[EventDate "2008.10.10"]

1. d4 e6 2. c4 d5 3. Nc3 Nf6 4. cxd5 exd5 5. Bg5 Be7 6. e3 O-O 7. Bd3 Nbd7 8.
Nge2 Re8 9. O-O c6 10. Qc2 Nf8 11. f3 Be6 12. Bh4 Rc8 13. Rad1 a6 14. Nf4 Bd7
15. Bf2 Bd6 16. Nfe2 Ng6 17. Kh1 Qc7 18. Bg1 c5 19. Qb1 cxd4 20. Nxd4 Ne5 21.
Bf5 Bb4 22. e4 Bxc3 23. bxc3 Nc4 24. Rfe1 dxe4 25. fxe4 Rcd8 26. Bf2 Bxf5 27.
exf5 b5 28. Qc2 Ng4 29. Bg3 Qb7 30. Nf3 Nge3 31. Rxd8 Rxd8 32. Qe2 h6 33. f6 g6
34. Bf4 Ng4 35. Qe7 Qxe7 36. fxe7 Re8 37. Kg1 g5 38. Bc1 Nf6 39. Nd4 Nd5 40.
Nf5 Kh7 41. h4 Kg6 42. g4 h5 43. Bxg5 hxg4 44. Ng3 f6 45. Re6 Rxe7 46. Rxa6 Kf7
47. Bh6 Nxc3 48. h5 Ne2+ 49. Kf2 Nxg3 50. Kxg3 Re4 51. Ra7+ Ke6 52. Bf4 Kf5 53.
Bc1 Re1 54. Bh6 Rg1+ 55. Kh2 Rb1 56. Bg7 Rb2+ 57. Kg3 Ne3 0-1